Les Mondes de Jean Giono : Cinquantenaire de la mort de Jean Giono (2020) (notice n° 2022005)

détails MARC
000 -LEADER
fixed length control field 01906cam a2200145 4500500
005 - DATE AND TIME OF LATEST TRANSACTION
control field 20260329065627.0
041 ## - LANGUAGE CODE
Language code of text/sound track or separate title fre
042 ## - AUTHENTICATION CODE
Authentication code dc
100 10 - MAIN ENTRY--PERSONAL NAME
Personal name Labouret, Denis
Relator term author
245 00 - TITLE STATEMENT
Title Les Mondes de Jean Giono : Cinquantenaire de la mort de Jean Giono (2020)
260 ## - PUBLICATION, DISTRIBUTION, ETC.
Name of publisher, distributor, etc. Gallimard,<br/>
Date of publication, distribution, etc. 2022.<br/>
520 ## - SUMMARY, ETC.
Summary, etc. Giono ? « C’est un monde ! » pourrait-on dire à la suite de l’auteur, pour pasticher ce qu’il dit dans Noé de personnages hors du commun et de « choses extraordinaires ». Et, de fait, l’œuvre de Giono est un monde en soi, avec son histoire et sa géographie propres, avec son humanité spécifique, avec son « système de références » à part. Voilà ce qu’entend explorer cet ouvrage, issu en grande partie du projet de colloque pour le cinquantenaire de la mort de Jean Giono (1895-1970), en 2020. Il réunit ainsi des chercheurs et des universitaires sous la direction de Denis Labouret (Sorbonne Université) et d’Alain Romestaing (Université Clermont Auvergne), autour de trois thèmes : « Microcosmes », « Mondes d’ailleurs », « Créer / recréer le monde ». Ces études, qui convoquent œuvres célèbres ou méconnues, révèlent l’immense diversité et la richesse de Jean Giono, « l’écrivain-monde ». Pour ouvrir un tel ensemble, une porte d’entrée s’imposait : celle du Paraïs, la maison de Giono, que Sylvie Durbet-Giono, la fille de l’écrivain, présente comme ce petit monde intime où sont nés tous les mondes de l’invention littéraire. Et, à l’autre bout de l’ouvrage, on trouvera l’hommage de Pierre Michon au « monde perdu » de l’Arcadie gionienne, ce paradis de l’enfance et de la poésie évoqué dans Virgile.
700 10 - ADDED ENTRY--PERSONAL NAME
Personal name Romestaing, Alain
Relator term author
856 41 - ELECTRONIC LOCATION AND ACCESS
Uniform Resource Identifier <a href="https://shs.cairn.info/les-mondes-de-jean-giono--9782072979408?lang=fr&redirect-ssocas=7080">https://shs.cairn.info/les-mondes-de-jean-giono--9782072979408?lang=fr&redirect-ssocas=7080</a>

Pas d'exemplaire disponible.

PLUDOC

PLUDOC est la plateforme unique et centralisée de gestion des bibliothèques physiques et numériques de Guinée administré par le CEDUST. Elle est la plus grande base de données de ressources documentaires pour les Étudiants, Enseignants chercheurs et Chercheurs de Guinée.

Adresse

627 919 101/664 919 101

25 boulevard du commerce
Kaloum, Conakry, Guinée

Réseaux sociaux

Powered by Netsen Group @ 2025